Sports Quiz

Random Sports or World Quiz

The Guardian's 100 Best Footballers 2013 Quiz Stats

 Plays Quiz not verified by Sporcle

Also try: Is It Offside?
Challenge
Share
Tweet
Embed
Score 0/100 Timer 12:00
0 Plays Today
Rank Player % Correct
1.Lionel Messi
100%
2.Cristiano Ronaldo
100%
5.Andres Iniesta
96.9%
3.Zlatan Ibrahimovic
96.1%
4.Franck Ribery
96.1%
8.Xavi
96.1%
9.Luis Suarez
95.3%
6.Neymar
94.5%
10.Sergio Aguero
94.5%
12.Mesut Ozil
93%
14.Arjen Robben
93%
28.Wayne Rooney
93%
7.Gareth Bale
92.2%
11.Robin van Persie
92.2%
15.Philipp Lahm
90.6%
17.Thiago Silva
90.6%
18.Robert Lewandowski
89.8%
16.Radamel Falcao
89.1%
32.David Silva
89.1%
13.Edinson Cavani
88.3%
19.Yaya Toure
85.2%
23.Marco Reus
85.2%
22.Manuel Neuer
83.6%
21.Andrea Pirlo
82.8%
100.Eden Hazard
82.8%
27.Sergio Busquets
82%
24.Gianluigi Buffon
81.3%
45.Sergio Ramos
81.3%
20.Bastian Schweinsteiger
80.5%
37.Xabi Alonso
80.5%
39.Gerard Pique
79.7%
42.Vincent Kompany
78.1%
46.Carlos Tevez
78.1%
25.Thomas Muller
77.3%
Rank Player % Correct
41.Dani Alves
77.3%
34.Mario Gotze
76.6%
36.Oscar
76.6%
66.Mats Hummels
76.6%
35.Diego Costa
75.8%
65.Petr Cech
75%
29.Cesc Fabregas
74.2%
33.Mario Balotelli
74.2%
40.Toni Kroos
74.2%
56.Gonzalo Higuain
72.7%
31.Francesco Totti
71.1%
55.Karim Benzema
70.3%
72.Angel Di Maria
70.3%
26.Arturo Vidal
69.5%
95.Alexis Sanchez
69.5%
43.David Alaba
68.8%
61.Luka Modric
68%
51.Nemanja Vidic
67.2%
30.Juan Mata
65.6%
69.Victor Valdes
64.1%
88.Frank Lampard
64.1%
48.Mario Mandzukic
62.5%
67.Santi Cazorla
62.5%
38.Daniele De Rossi
61.7%
60.Marcelo
61.7%
50.David Luiz
60.9%
53.Dante
60.9%
58.Marek Hamsik
60.9%
64.Hugo Lloris
60.2%
83.Samuel Eto'o
60.2%
99.Javier Martinez
58.6%
47.Thibaut Courtois
57%
63.Javier Mascherano
57%
49.Aaron Ramsey
54.7%
Rank Player % Correct
80.Michu
54.7%
44.Ilkay Gundogan
53.9%
98.Branislav Ivanovic
50%
73.Alvaro Negredo
49.2%
90.Jorge Resurreccion Merodio
47.7%
91.Yohan Cabaye
47.7%
94.Isco
46.9%
74.Laurent Koscielny
44.5%
57.Jan Vertonghen
43.8%
77.Pablo Zabaleta
43.8%
89.Shinji Kagawa
41.4%
59.Paulinho
40.6%
70.Arda Turan
39.8%
54.Giuseppe Rossi
38.3%
52.Axel Witsel
33.6%
93.Blaise Matuidi
32.8%
76.Marco Verratti
30.5%
92.Lucas Moura
28.1%
79.Pierre-Emerick Aubameyang
26.6%
96.Asmir Begovic
25%
62.Kevin Strootman
23.4%
68.Keisuke Honda
23.4%
81.Miralem Pjanic
23.4%
85.Lukasz Piszczek
21.9%
86.Marquinhos
16.4%
82.Samir Handanovic
15.6%
87.Mehdi Benatia
15.6%
75.Toby Alderweireld
11.7%
78.Dario Conca
7%
71.Federico Marchetti
6.3%
97.Emmanuel Emenike
5.5%
84.Juan Zuniga
3.9%

You're not logged in!

Compare scores with friends on all Sporcle quizzes.
OR
Log In

You Might Also Like...

Show Comments

Extras

Top Quizzes Today


Score Distribution

Your Account Isn't Verified!

In order to create a playlist on Sporcle, you need to verify the email address you used during registration. Go to your Sporcle Settings to finish the process.

Report this User

Report this user for behavior that violates our Community Guidelines.

Details: